000
00392nam a2200145Ia 4500
008
100122s9999 xx 000 0 und d
082
_b
35012
_a
823
100
_a
बोधे व बा
245
_a
इज्जत
260
_b
गुलमोहर पब्लिकेशन्स
_c
1983
300
_a
248
630
_a
इज्जत
730
_a
इज्जत
942
_c
BOOK
999
_c
418416
_d
418413